[Event "Scottish International Open"]
[Site "Edinburgh, Scotland"]
[Date "2015.07.18"]
[Round "8"]
[White "Tate, Alan"]
[Black "Kafka, Graeme"]
[Result "1/2-1/2"]
[WhiteElo "2335"]
[BlackElo "2042"]
[PlyCount "96"]
[EventDate "2015.??.??"]
[WhiteClock "0:28:38"]
[BlackClock "0:30:49"]

1. e4 c5 2. Nf3 d6 3. d4 cxd4 4. Nxd4 Nf6 5. Nc3 a6 6. Be3 e5 7. Nb3 Be6 8. Qd2
Nbd7 9. O-O-O Be7 10. f4 Ng4 11. g3 Nxe3 12. Qxe3 b5 13. Kb1 b4 14. Nd5 Bxd5
15. Rxd5 O-O 16. fxe5 Nxe5 17. Nd4 g6 18. h4 Ng4 19. Qf4 Nf6 20. Nc6 Nxd5 21.
exd5 Qd7 22. h5 g5 23. Qf5 Ra7 24. Qf2 Rc7 25. Bd3 f5 26. Re1 Bf6 27. Bxf5 Qg7
28. Be6+ Kh8 29. Rf1 Be7 30. Qe2 Rxf1+ 31. Qxf1 Bf6 32. Qxa6 Qf8 33. g4 Bg7 34.
Nxb4 Qf6 35. Qa8+ Bf8 36. a3 Qf1+ 37. Ka2 Rxc2 38. Nxc2 Qc4+ 39. Kb1 Qf1+ 40.
Ka2 Qc4+ 41. Kb1 Qf1+ 42. Ne1 Qxe1+ 43. Ka2 Qf1 44. Qc8 Kg7 45. Qc7+ Kh6 46.
Bf5 Be7 47. Qxe7 Qc4+ 48. b3 Qxb3+ 1/2-1/2

[Event "Scottish International Open"]
[Site "Edinburgh, Scotland"]
[Date "2015.07.18"]
[Round "8"]
[White "Grant, Jonathan I M"]
[Black "Stevenson, Jim"]
[Result "1-0"]
[WhiteElo "2211"]
[BlackElo "2028"]
[PlyCount "85"]
[EventDate "2015.??.??"]
[WhiteClock "0:30:20"]
[BlackClock "0:25:21"]

1. c4 b6 2. d4 e6 3. e4 Bb7 4. Bd3 g6 5. Nc3 Bg7 6. Nf3 d6 7. Bf4 Nd7 8. O-O
Ne7 9. Re1 e5 10. Bg5 f6 11. Bh4 O-O 12. b4 g5 13. Bg3 Ng6 14. c5 g4 15. Nh4
Nxh4 16. Bxh4 exd4 17. c6 Bxc6 18. b5 dxc3 19. bxc6 Ne5 20. Rc1 Qe8 21. Rxc3
Qh5 22. Bg3 f5 23. exf5 Rae8 24. Be4 Qg5 25. Rce3 h5 26. a4 h4 27. Bd5+ Kh8 28.
Bxe5 Rxe5 29. Rxe5 Bxe5 30. Be6 Qf4 31. g3 Qd4 32. Qc1 Bg7 33. Qg5 Qf6 34. Qh5+
Qh6 35. Qxg4 Bf6 36. Qd1 Be5 37. Re4 Bf6 38. Rg4 h3 39. Rg6 Qh7 40. Qd2 Bg7 41.
Qg5 Re8 42. Rxg7 Qxg7 43. Qh5+ 1-0

[Event "Scottish International Open"]
[Site "Edinburgh, Scotland"]
[Date "2015.07.18"]
[Round "8"]
[White "Lapidus, Mark"]
[Black "Parks, Joe"]
[Result "1-0"]
[WhiteElo "2202"]
[BlackElo "1897"]
[PlyCount "95"]
[EventDate "2015.??.??"]
[WhiteClock "1:04:09"]
[BlackClock "0:32:08"]

1. e4 d5 2. exd5 Qxd5 3. d4 e5 4. Be3 Nc6 5. Qf3 Qxf3 6. Nxf3 Nxd4 7. Nxd4 exd4
8. Bxd4 Bf5 9. c3 Nf6 10. Bc4 Bd6 11. O-O O-O 12. Bxf6 gxf6 13. Nd2 Rad8 14.
Nf3 Be6 15. Bb3 Bc5 16. h3 Rd6 17. Rfe1 Rfd8 18. Re2 Bxb3 19. axb3 Re6 20. Kf1
Kf8 21. b4 Bb6 22. c4 Rxe2 23. Kxe2 Bd4 24. b5 Re8+ 25. Kf1 Bc5 26. Ra4 Rd8 27.
b4 Bd4 28. Ke2 Re8+ 29. Kd3 Bxf2 30. c5 Re3+ 31. Kc4 Re4+ 32. Kd5 f5 33. Ra2
Bg3 34. Nd4 Re5+ 35. Kc4 Re4 36. Kd3 Be5 37. Nc2 b6 38. Rxa7 Bg3 39. Rb7 bxc5
40. bxc5 Re5 41. Rxc7 Rd5+ 42. Kc4 Rd2 43. Rc8+ Ke7 44. Ne3 f4 45. Nd5+ Ke6 46.
Re8+ Kf5 47. c6 Rxg2 48. c7 1-0

[Event "Scottish International Open"]
[Site "Edinburgh, Scotland"]
[Date "2015.07.18"]
[Round "8"]
[White "Schroer, Marcel"]
[Black "Burnett, Walter"]
[Result "1-0"]
[WhiteElo "2183"]
[BlackElo "1983"]
[PlyCount "151"]
[EventDate "2015.??.??"]
[WhiteClock "0:15:03"]
[BlackClock "0:00:55"]

1. c4 e5 2. g3 Nc6 3. Bg2 g6 4. Nc3 d6 5. e4 h5 6. h4 Nd4 7. d3 Bh6 8. Nce2 c5
9. Nxd4 Qa5+ 10. Bd2 Bxd2+ 11. Qxd2 Qxd2+ 12. Kxd2 cxd4 13. Ne2 Nf6 14. Rac1
Ng4 15. f3 Ne3 16. Bh3 b6 17. Nc3 dxc3+ 18. Kxe3 cxb2 19. Rb1 Ke7 20. Rxb2 Bxh3
21. Rxh3 Rac8 22. Rb5 Rc5 23. a4 Rb8 24. Rh2 a6 25. Rb4 Ra5 26. Ra2 Kd7 27. g4
hxg4 28. fxg4 Kc6 29. Rbb2 Kc5 30. h5 gxh5 31. gxh5 Rh8 32. Rh2 Kb4 33. h6 Rxa4
34. Rag2 b5 35. Rg8 Kc3 36. h7 Rxh7 37. Rxh7 b4 38. Rxf7 b3 39. Rb7 a5 40. Rc8
Rb4 41. Rxb4 axb4 42. c5 b2 43. cxd6+ Kb3 44. d7 b1=Q 45. d8=Q Qg1+ 46. Kf3 Kb2
47. Rb8 b3 48. Qd5 Qf1+ 49. Kg4 Qf4+ 50. Kh5 Ka1 51. Rxb3 Qh2+ 52. Kg6 Qg1+ 53.
Kf6 Qb6+ 54. Kxe5 Qxb3 55. Qa5+ Kb1 56. Qe1+ Kc2 57. Qf2+ Kb1 58. Qd4 Qb8+ 59.
Qd6 Qh8+ 60. Kd5 Qg8+ 61. Kc5 Kc2 62. e5 Qg1+ 63. d4 Qg5 64. Kb6 Qf4 65. Qd7
Kd3 66. e6 Qb8+ 67. Kc5 Qb3 68. d5 Qc4+ 69. Kb6 Qd4+ 70. Ka6 Qa1+ 71. Kb7 Qb2+
72. Kc8 Qc3+ 73. Kd8 Qa5+ 74. Ke8 Ke4 75. e7 Ke5 76. Kf7 1-0

[Event "Scottish International Open"]
[Site "Edinburgh, Scotland"]
[Date "2015.07.18"]
[Round "8"]
[White "Brown, Alan M"]
[Black "Green, Andrew D"]
[Result "0-1"]
[WhiteElo "2082"]
[BlackElo "2173"]
[PlyCount "142"]
[EventDate "2015.??.??"]
[WhiteClock "0:21:18"]
[BlackClock "0:06:18"]

1. d4 Nf6 2. c4 g6 3. Nc3 d5 4. Nf3 Bg7 5. e3 O-O 6. Be2 c5 7. dxc5 dxc4 8. O-O
Qa5 9. Bxc4 Qxc5 10. Be2 Nc6 11. Bd2 Rd8 12. Rc1 Bf5 13. e4 Bg4 14. Nd5 Qd6 15.
Bf4 Qd7 16. h3 Nxd5 17. exd5 Bxf3 18. Bxf3 Ne5 19. Bxe5 Bxe5 20. Qe2 Bd6 21.
Rc4 Qf5 22. Rfc1 h5 23. Qe4 Qf6 24. R1c2 Rab8 25. h4 a6 26. g3 Kg7 27. Bg2 Be5
28. b3 Rh8 29. Qe3 Bd6 30. Qd4 Be5 31. Qe3 Rhg8 32. Qc1 Kh7 33. Be4 Kg7 34. Rc8
Rgxc8 35. Rxc8 Rxc8 36. Qxc8 Bxg3 37. fxg3 Qd4+ 38. Kf1 Qxe4 39. Qxb7 Qf3+ 40.
Kg1 Qxg3+ 41. Kf1 Qf3+ 42. Kg1 Qg4+ 43. Kf1 Qf5+ 44. Ke1 Qb1+ 45. Kd2 Qxa2+ 46.
Kc3 Qa3 47. Kc4 Qd6 48. b4 Kh7 49. Qc8 Qf4+ 50. Kb3 Qf3+ 51. Kc4 Qe4+ 52. Kc3
Qe3+ 53. Kc2 Qe2+ 54. Kc3 Qe1+ 55. Kb3 Qb1+ 56. Ka3 Qd3+ 57. Kb2 Qd4+ 58. Ka3
Qb6 59. Qf8 Qf6 60. Kb3 Qf3+ 61. Kb2 Qxd5 62. Qxe7 Qe6 63. Qa7 Qc4 64. Ka3 Kg7
65. Qe7 Qd3+ 66. Ka4 Qb5+ 67. Ka3 a5 68. bxa5 Qxa5+ 69. Kb3 Qd5+ 70. Ka3 Qe6
71. Qd8 Qf6 0-1

[Event "Scottish International Open"]
[Site "Edinburgh, Scotland"]
[Date "2015.07.18"]
[Round "8"]
[White "Durno, Joy"]
[Black "Orr, Mark J L"]
[Result "0-1"]
[WhiteElo "1886"]
[BlackElo "2260"]
[PlyCount "122"]
[EventDate "2015.??.??"]
[WhiteClock "0:32:09"]
[BlackClock "0:13:27"]

1. d4 Nf6 2. c4 c6 3. Nf3 d5 4. e3 Bf5 5. Nc3 e6 6. Nh4 Be4 7. f3 Bg6 8. Qb3
Qb6 9. Nxg6 hxg6 10. g3 Nbd7 11. Bd2 Bd6 12. Bg2 dxc4 13. Qxc4 O-O 14. Na4 Qc7
15. Nc5 e5 16. Nxd7 Nxd7 17. O-O exd4 18. exd4 Nb6 19. Qb3 Be7 20. Ba5 Bf6 21.
Rfd1 Rfd8 22. Bc3 g5 23. Rd3 Re8 24. Ba5 Rad8 25. Rad1 Rd5 26. Bxb6 axb6 27.
Bf1 Red8 28. Qb4 Qd6 29. Qxd6 R8xd6 30. b3 b5 31. Bh3 Kf8 32. Kf1 Rxd4 33. Bf5
b6 34. Ke2 b4 35. Bc8 c5 36. Ba6 Rxd3 37. Rxd3 Bd4 38. Bc4 Rh6 39. Rd2 Rxh2+
40. Kd3 Rh3 41. Rg2 Be5 42. Bb5 Ke7 43. Kc4 Bxg3 44. Bc6 Kd6 45. Kb5 Kc7 46.
Re2 Bd6 47. Re8 Rh2 48. Ra8 Be5 49. Ra7+ Kd6 50. Kxb6 Bd4 51. Kb5 f6 52. Rxg7
Rxa2 53. Rf7 Rc2 54. Rd7+ Ke5 55. Bd5 Kf4 56. Re7 Kg3 57. Rf7 Rc3 58. Rf8 Rxf3
59. Bxf3 Kxf3 60. Kc4 g4 61. Kd3 g3 0-1

[Event "Scottish International Open"]
[Site "Edinburgh, Scotland"]
[Date "2015.07.18"]
[Round "8"]
[White "Burnett, Andrew"]
[Black "Ridge, Michael"]
[Result "1-0"]
[WhiteElo "2249"]
[BlackElo "1917"]
[PlyCount "41"]
[EventDate "2015.??.??"]
[WhiteClock "1:03:34"]
[BlackClock "0:53:51"]

1. Nf3 c5 2. b3 Nc6 3. Bb2 d6 4. e3 e6 5. c4 Nf6 6. Be2 Be7 7. Nc3 b6 8. O-O
Bb7 9. d4 cxd4 10. Nxd4 a6 11. Bf3 Qc7 12. Rc1 Rc8 13. Nxc6 Bxc6 14. Nd5 Qb7
15. Nxe7 Bxf3 16. Nxc8 Bxd1 17. Nxd6+ Kd7 18. Nxb7 Bh5 19. c5 Kc6 20. Bxf6 gxf6
21. Nd6 1-0

[Event "Scottish International Open"]
[Site "Edinburgh, Scotland"]
[Date "2015.07.18"]
[Round "8"]
[White "Van den Ouden, Lendert"]
[Black "Shafi, Declan"]
[Result "0-1"]
[WhiteElo "2077"]
[BlackElo "1908"]
[PlyCount "72"]
[EventDate "2015.??.??"]

1. d4 Nf6 2. Nf3 g6 3. c4 Bg7 4. Nc3 d5 5. Bf4 O-O 6. Rc1 dxc4 7. e4 Bg4 8.
Bxc4 Nh5 9. Be3 Nc6 10. d5 Ne5 11. Be2 Nxf3+ 12. Bxf3 Bxf3 13. Qxf3 Qd7 14. O-O
Be5 15. Qe2 Nf4 16. Qd2 g5 17. f3 f6 18. Ne2 Nxe2+ 19. Qxe2 Kh8 20. Rfd1 Rfc8
21. g3 Bd6 22. Bd4 a6 23. Qe3 h6 24. f4 gxf4 25. Qd2 Qg4 26. Kh1 Kh7 27. Qd3
Qg6 28. gxf4 Bxf4 29. Rg1 Qh5 30. Rc2 Rg8 31. e5+ f5 32. Rxg8 Rxg8 33. Rf2 Qg4
34. Qf1 Bxh2 35. Rxf5 Qxd4 36. Kxh2 Qxb2+ 0-1

[Event "Scottish International Open"]
[Site "Edinburgh, Scotland"]
[Date "2015.07.18"]
[Round "8"]
[White "Aitchison, A Keith"]
[Black "Morriss, Pete"]
[Result "1-0"]
[WhiteElo "1837"]
[BlackElo "2075"]
[PlyCount "71"]
[EventDate "2015.??.??"]

1. e4 c6 2. d4 d5 3. exd5 cxd5 4. c4 Nf6 5. Nc3 e6 6. Nf3 Be7 7. Be2 dxc4 8.
Bxc4 O-O 9. O-O Nc6 10. d5 Na5 11. b3 Nxc4 12. bxc4 exd5 13. cxd5 Bb4 14. Bb2
Bxc3 15. Bxc3 Nxd5 16. Bb2 Be6 17. Qa4 Nb6 18. Qb4 Rc8 19. Rfd1 Qe8 20. Ba3 Qa4
21. Qxa4 Nxa4 22. Bxf8 Kxf8 23. Nd4 Ke7 24. Nxe6 Kxe6 25. Rd2 b6 26. Re1+ Kf5
27. g4+ Kg6 28. Rd7 a5 29. h4 Rc4 30. f3 Rc2 31. Ree7 Nc5 32. Rd6+ f6 33. Rxb6
Rxa2 34. Rc6 Nd3 35. Rcc7 Ra1+ 36. Kh2 1-0

[Event "Scottish International Open"]
[Site "Edinburgh, Scotland"]
[Date "2015.07.18"]
[Round "8"]
[White "Mollison, Jamie"]
[Black "Birkett, Richard"]
[Result "0-1"]
[WhiteElo "1888"]
[BlackElo "2058"]
[PlyCount "110"]
[EventDate "2015.??.??"]

1. Nf3 d5 2. b3 Nf6 3. Bb2 c5 4. e3 Nc6 5. Bb5 Bg4 6. h3 Bh5 7. g4 Bg6 8. Ne5
Qd6 9. Bxc6+ bxc6 10. Nxg6 hxg6 11. Qf3 e5 12. Nc3 e4 13. Qg2 O-O-O 14. O-O-O
Qe6 15. f3 g5 16. fxe4 dxe4 17. Qe2 Kb7 18. Na4 Nd7 19. Ba3 Qe5 20. Bb2 Qe6 21.
Rdf1 f6 22. Ba3 Bd6 23. Bb2 Nb6 24. Nc3 c4 25. Rf5 Be5 26. Kb1 Bxc3 27. Bxc3
Rd5 28. Qf2 Rxf5 29. gxf5 Qd5 30. Qf1 Rh4 31. Rh2 cxb3 32. axb3 Nc8 33. Rf2 a5
34. Kb2 Nd6 35. Bd4 c5 36. c4 Qc6 37. Bc3 a4 38. Rg2 Qb6 39. Qd1 Nxc4+ 40. Ka2
axb3+ 41. Qxb3 Qxb3+ 42. Kxb3 Nd6 43. Ba5 Rxh3 44. Bd8 Nxf5 45. Rg4 Rh4 46. Rg2
g4 47. Kc4 Kc6 48. Rf2 Nd6+ 49. Kc3 g3 50. Rg2 Nf5 51. d3 Rg4 52. dxe4 Nh4 53.
Rg1 g2 54. e5 Nf3 55. exf6 gxf6 0-1

[Event "Scottish International Open"]
[Site "Edinburgh, Scotland"]
[Date "2015.07.18"]
[Round "8"]
[White "Heron, Donald"]
[Black "O`Neil, Jim"]
[Result "1-0"]
[WhiteElo "1714"]
[BlackElo "1967"]
[PlyCount "95"]
[EventDate "2015.??.??"]

1. c4 b6 2. Nc3 e6 3. e4 Bb7 4. Nge2 c5 5. g3 Nc6 6. Bg2 g6 7. O-O Bg7 8. d3 d6
9. Be3 Nge7 10. Qd2 O-O 11. f4 Qd7 12. d4 cxd4 13. Nxd4 Rfd8 14. Rad1 Nxd4 15.
Bxd4 Bxd4+ 16. Qxd4 Nc6 17. Qe3 Qe7 18. Rd2 Rd7 19. Rfd1 Rad8 20. Qf2 Na5 21.
b3 Bc6 22. Bf3 h5 23. Qg2 Qf6 24. e5 dxe5 25. Rxd7 Rxd7 26. Bxc6 Rxd1+ 27. Nxd1
exf4 28. Bf3 e5 29. gxf4 e4 30. Bxe4 Qd4+ 31. Nf2 Qa1+ 32. Qf1 Qxa2 33. Qd3
Nxb3 34. Bd5 Kg7 35. Qc3+ f6 36. Qe3 Qa3 37. Kg2 Qb4 38. f5 Na5 39. Qe8 gxf5
40. Qf7+ Kh6 41. Qxf6+ Kh7 42. Qxf5+ Kg7 43. Qf7+ Kh6 44. Qf6+ Kh7 45. Qf5+ Kg7
46. Qxh5 Qe7 47. Ne4 Nxc4 48. Qg4+ 1-0

[Event "Scottish International Open"]
[Site "Edinburgh, Scotland"]
[Date "2015.07.18"]
[Round "8"]
[White "Kynoch, Richard"]
[Black "Underwood, James Robert"]
[Result "1-0"]
[WhiteElo "1934"]
[BlackElo "1534"]
[PlyCount "65"]
[EventDate "2015.??.??"]

1. e4 e6 2. d4 d5 3. exd5 exd5 4. c4 dxc4 5. Bxc4 Nf6 6. Nf3 Bb4+ 7. Nc3 O-O 8.
O-O Bg4 9. h3 Bh5 10. g4 Bg6 11. Ne5 Ne4 12. Nxg6 Nxc3 13. Qd3 Ne2+ 14. Qxe2
hxg6 15. Qe4 Nc6 16. d5 Ne7 17. Bg5 Qd7 18. Rad1 Rae8 19. Qg2 Nc8 20. h4 Be7
21. Rd3 Bxg5 22. hxg5 Nd6 23. Bb3 Re4 24. Rg3 f6 25. Bc2 Rb4 26. Bxg6 fxg5 27.
Qh3 Rff4 28. Qh7+ Kf8 29. Qh8+ Ke7 30. Re1+ Rbe4 31. Bxe4 Rxe4 32. Rxe4+ Nxe4
33. Qxg7+ 1-0

[Event "Scottish International Open"]
[Site "Edinburgh, Scotland"]
[Date "2015.07.18"]
[Round "8"]
[White "Palaniswamy, Raja S"]
[Black "Milton, Carl"]
[Result "1/2-1/2"]
[WhiteElo "2034"]
[BlackElo "1777"]
[PlyCount "48"]
[EventDate "2015.??.??"]

1. e4 c5 2. Nf3 d6 3. d4 cxd4 4. Nxd4 Nf6 5. Nc3 g6 6. Be3 Bg7 7. f3 Nc6 8. Bc4
O-O 9. Qd2 Bd7 10. h4 h5 11. O-O-O Rb8 12. g4 b5 13. Bb3 a5 14. gxh5 Nxh5 15.
Nxc6 Bxc6 16. Bh6 a4 17. Bd5 Bd7 18. Bxg7 Kxg7 19. e5 Bf5 20. exd6 Qxd6 21. Be4
Qxd2+ 22. Rxd2 Ng3 23. Rg1 Bxe4 24. fxe4 Nh5 1/2-1/2

[Event "Scottish International Open"]
[Site "Edinburgh, Scotland"]
[Date "2015.07.18"]
[Round "8"]
[White "McAndrew, Robert"]
[Black "Begg, David"]
[Result "0-1"]
[WhiteElo "2016"]
[BlackElo "1706"]
[PlyCount "72"]
[EventDate "2015.??.??"]

1. d4 d5 2. Nf3 Nf6 3. g3 e6 4. Bg2 c5 5. O-O Nc6 6. b3 b5 7. c4 b4 8. Bg5 h6
9. Bc1 Bb7 10. cxd5 Qxd5 11. Ne5 Ne4 12. Nxc6 Bxc6 13. Bb2 Qd7 14. Qc2 f5 15.
Nd2 Nxd2 16. Bxc6 Qxc6 17. Qxd2 Rd8 18. Qe3 Kf7 19. Rac1 Rd5 20. Qf3 Rd6 21.
Qe3 Rd5 22. Rc4 Be7 23. Qf3 Bf6 24. Rfc1 Qa6 25. Rxc5 Rxc5 26. Rxc5 Qxa2 27.
Bc1 Bxd4 28. Rc7+ Kg6 29. Kg2 Rf8 30. h4 Qa6 31. h5+ Kh7 32. Qf4 e5 33. Qf3 Qf6
34. Rc6 e4 35. Qf4 Qxc6 36. g4 Qf6 0-1

[Event "Scottish International Open"]
[Site "Edinburgh, Scotland"]
[Date "2015.07.18"]
[Round "8"]
[White "Rubio, Luis"]
[Black "Bhopal, Raj"]
[Result "0-1"]
[WhiteElo "1826"]
[BlackElo "2006"]
[PlyCount "78"]
[EventDate "2015.??.??"]

1. e4 g6 2. d4 Bg7 3. Nc3 d6 4. Be3 Nd7 5. f4 c5 6. Nf3 Ngf6 7. Qd2 O-O 8. h3
a6 9. O-O-O b5 10. e5 cxd4 11. Qxd4 Nh5 12. Bf2 Bb7 13. Be2 Bh6 14. g3 Nxe5 15.
Qe3 Qa5 16. Nxe5 dxe5 17. Bxh5 exf4 18. gxf4 Bxh1 19. Rxh1 b4 20. Bf3 bxc3 21.
Bxa8 Qxa2 22. bxc3 Rxa8 23. Qe4 Rd8 24. Bd4 Qa3+ 25. Kd2 Qd6 26. Ke3 f5 27. Qe5
Qxe5+ 28. Bxe5 Rd5 29. Kf3 Kf7 30. Ra1 a5 31. c4 Rc5 32. Ra4 Bg7 33. Bxg7 Kxg7
34. Ke3 e5 35. fxe5 Rxe5+ 36. Kd4 Kf6 37. c5 Re4+ 38. Kd5 Rxa4 39. c3 Ke7 0-1

[Event "Scottish International Open"]
[Site "Edinburgh, Scotland"]
[Date "2015.07.18"]
[Round "8"]
[White "Doyle, James"]
[Black "Roth, Michael J"]
[Result "1-0"]
[WhiteElo "1962"]
[BlackElo "1714"]
[PlyCount "69"]
[EventDate "2015.??.??"]

1. d4 Nf6 2. c4 e6 3. Nc3 Bb4 4. e3 b6 5. Bd3 Bb7 6. Nge2 Bxg2 7. Rg1 Be4 8.
Ng3 Bg6 9. e4 c5 10. a3 cxd4 11. axb4 dxc3 12. f4 h6 13. bxc3 O-O 14. Qf3 Nc6
15. b5 Na5 16. Ba3 Nb3 17. Bxf8 Nxa1 18. Bxg7 Kxg7 19. f5 exf5 20. Qf4 Ng4 21.
exf5 Qe7+ 22. Kd2 Nb3+ 23. Kc2 Qc5 24. fxg6 f5 25. Nxf5+ Kg8 26. Rxg4 Na1+ 27.
Kb2 Rf8 28. Nxh6+ Kg7 29. Nf5+ Kg8 30. g7 Rf6 31. Rh4 Rg6 32. Rh8+ Kf7 33. Rf8+
Ke6 34. Qe4+ Qe5 35. Re8+ 1-0

[Event "Scottish International Open"]
[Site "Edinburgh, Scotland"]
[Date "2015.07.18"]
[Round "8"]
[White "Irving, Neil"]
[Black "Walker, Duncan"]
[Result "1/2-1/2"]
[WhiteElo "1801"]
[BlackElo "1954"]
[PlyCount "124"]
[EventDate "2015.??.??"]

1. Nf3 d5 2. c4 c6 3. g3 e6 4. Bg2 Bd6 5. O-O Nd7 6. d4 Qe7 7. cxd5 exd5 8. Re1
Ngf6 9. e4 dxe4 10. Ng5 Bb4 11. Nc3 O-O 12. Ngxe4 Nxe4 13. Bxe4 Qd8 14. Bc2 Re8
15. h4 Nf6 16. Bg5 Rxe1+ 17. Qxe1 Bg4 18. Bxf6 Qxf6 19. Qe4 Qg6 20. Re1 Qxe4
21. Bxe4 Rd8 22. a3 Ba5 23. b4 Bb6 24. d5 Bd4 25. Ne2 Bb2 26. dxc6 bxc6 27.
Bxc6 Bxa3 28. b5 g6 29. Nf4 Bc5 30. Re8+ Rxe8 31. Bxe8 Kf8 32. Bc6 Bd1 33. Nd5
Be2 34. Kg2 f5 35. Nf6 Kg7 36. Nd5 Bc4 37. Ne3 Bxe3 38. fxe3 Kf6 39. Kf3 Ke5
40. Be8 Bd5+ 41. Kf2 Ke6 42. h5 g5 43. h6 Ke7 44. Bg6 Kf6 45. Bxh7 Be6 46. e4
fxe4 47. Bxe4 Bc4 48. Bc6 Kg6 49. h7 Kxh7 50. Ke3 Kg6 51. Kd4 Be2 52. Ke5 Bd1
53. Bd7 Be2 54. Be8+ Kg7 55. Kd6 Kf6 56. Bd7 g4 57. Kc7 Ke5 58. Kb7 Kd4 59.
Kxa7 Bxb5 60. Bxb5 Ke3 61. Bd7 Kf3 62. Bxg4+ Kxg4 1/2-1/2

[Event "Scottish International Open"]
[Site "Edinburgh, Scotland"]
[Date "2015.07.18"]
[Round "8"]
[White "Opasiak, Dustin Tennessee"]
[Black "Giacometto, Mario"]
[Result "0-1"]
[WhiteElo "1791"]
[BlackElo "1952"]
[PlyCount "74"]
[EventDate "2015.??.??"]

1. Nf3 d5 2. g3 e6 3. Bg2 c5 4. O-O Bd6 5. d3 Nc6 6. e4 Nge7 7. Ne1 O-O 8. f4
f6 9. Nf3 Qc7 10. Nc3 a6 11. a4 b6 12. exd5 exd5 13. Nh4 Be6 14. f5 Bf7 15. Qg4
Ne5 16. Qe2 Rad8 17. Nd1 d4 18. Nf2 Rfe8 19. Ne4 Nd5 20. Nxd6 Qxd6 21. Be4 c4
22. Bf4 cxd3 23. cxd3 Rc8 24. Qf2 Nxf4 25. Qxf4 Rc2 26. Rf2 Rec8 27. Raf1 Qb4
28. Bb7 R8c5 29. Rxc2 Rxc2 30. Rc1 Qxa4 31. Rxc2 Qxc2 32. Qxd4 Qxd3 33. Qxb6
Bc4 34. h3 Qxg3+ 35. Ng2 h5 36. Qd8+ Kh7 37. Qd1 Qxh3 0-1

[Event "Scottish International Open"]
[Site "Edinburgh, Scotland"]
[Date "2015.07.18"]
[Round "8"]
[White "Jennings, Richard"]
[Black "Jelfs, Alan"]
[Result "0-1"]
[WhiteElo "1767"]
[BlackElo "1889"]
[PlyCount "126"]
[EventDate "2015.??.??"]

1. c4 f5 2. g3 Nf6 3. Nc3 e6 4. Bg2 Be7 5. d3 O-O 6. e4 fxe4 7. dxe4 e5 8. Nge2
d6 9. O-O Be6 10. Nd5 Nbd7 11. b3 a5 12. h3 Nc5 13. Qc2 Qd7 14. f4 Nxd5 15.
cxd5 Bxh3 16. f5 Bxg2 17. Kxg2 Qd8 18. Rh1 Bg5 19. Rh5 Bxc1 20. Rxc1 g6 21. Rh6
Qg5 22. Rch1 gxf5 23. R6h5 Qe3 24. exf5 Nd3 25. Nc3 Rf7 26. Qe2 Qd4 27. Ne4 Rg7
28. R1h4 Nf4+ 29. Rxf4 exf4 30. g4 Rf8 31. f6 Rg6 32. Rf5 Kh8 33. Kf3 Qe3+ 34.
Qxe3 fxe3 35. Rf4 Kg8 36. Kxe3 Kf7 37. Kf3 Re8 38. Rf5 Rxe4 39. Kxe4 Rxg4+ 40.
Ke3 Rg6 41. Rf4 Rg8 42. Rh4 Re8+ 43. Kd3 Kg6 44. Rc4 Rc8 45. Rf4 Rf8 46. Ra4 b6
47. Kc4 Kxf6 48. Kb5 Kg5 49. Kc6 Rf7 50. b4 axb4 51. Ra7 Kf5 52. Ra4 h5 53.
Rxb4 Rh7 54. Ra4 h4 55. Ra3 h3 56. Rf3+ Ke4 57. Rf1 h2 58. Rh1 Kf3 59. Rb1 h1=Q
60. Rxh1 Rxh1 61. Kxc7 Ke4 62. Kxd6 Rh6+ 63. Kc7 Kxd5 0-1

[Event "Scottish International Open"]
[Site "Edinburgh, Scotland"]
[Date "2015.07.18"]
[Round "8"]
[White "Zamvar, Vipin"]
[Black "Schmerwitz, Reinhard"]
[Result "0-1"]
[WhiteElo "1622"]
[BlackElo "1829"]
[PlyCount "102"]
[EventDate "2015.??.??"]

1. d4 Nf6 2. c4 e6 3. Nf3 d5 4. Nc3 Be7 5. Bf4 O-O 6. e3 Nbd7 7. Qb3 dxc4 8.
Bxc4 a6 9. O-O b5 10. Bd3 c5 11. Qc2 cxd4 12. exd4 Bb7 13. Ne5 Rc8 14. Qe2 Nb6
15. Rad1 Nbd5 16. Nxd5 Bxd5 17. g4 Bb7 18. g5 Qd5 19. f3 Qxd4+ 20. Qe3 Qxe3+
21. Bxe3 Nd5 22. Bc1 Bc5+ 23. Kg2 Ne3+ 24. Bxe3 Bxe3 25. h4 Bf4 26. Ng4 Rc5 27.
Nf2 Rfc8 28. Ne4 Rc1 29. Rxc1 Rxc1 30. Rxc1 Bxc1 31. Nc5 Bc8 32. b3 h6 33. Ne4
hxg5 34. Nxg5 Bxg5 35. hxg5 Bb7 36. Kg3 Kf8 37. Kf4 Ke7 38. Ke3 Kd6 39. f4 Kc5
40. a3 a5 41. Be4 Bxe4 42. Kxe4 Kd6 43. Kd4 f6 44. g6 f5 45. Ke3 e5 46. fxe5+
Kxe5 47. Kd3 Kf6 48. Kd4 f4 49. Ke4 Kg5 50. Kf3 Kf5 51. Kf2 Kxg6 0-1

[Event "Scottish International Open"]
[Site "Edinburgh, Scotland"]
[Date "2015.07.18"]
[Round "8"]
[White "Nisbet, Charles"]
[Black "Brown, Allan D"]
[Result "1/2-1/2"]
[WhiteElo "1636"]
[BlackElo "1798"]
[PlyCount "52"]
[EventDate "2015.??.??"]

1. e4 d6 2. d4 Nf6 3. Nc3 g6 4. Nf3 Bg7 5. Be2 O-O 6. O-O c6 7. h3 b5 8. a3 a6
9. Bf4 Nbd7 10. e5 Ne8 11. Ne4 d5 12. Ned2 Nc7 13. c3 Bb7 14. Be3 f6 15. exf6
exf6 16. Re1 f5 17. Nb3 Ne6 18. Nc5 Ndxc5 19. dxc5 f4 20. Bd4 Nxd4 21. Nxd4
Bxd4 22. cxd4 Bc8 23. Bf3 Qg5 24. Re5 Rf5 25. Re8+ Rf8 26. Re5 Bf5 1/2-1/2

[Event "Scottish International Open"]
[Site "Edinburgh, Scotland"]
[Date "2015.07.18"]
[Round "8"]
[White "Oxener, Aldo"]
[Black "Moreby, James"]
[Result "0-1"]
[WhiteElo "1545"]
[BlackElo "1997"]
[PlyCount "98"]
[EventDate "2015.??.??"]

1. e4 c5 2. Nf3 d6 3. d4 cxd4 4. Nxd4 Nf6 5. Nc3 a6 6. Be3 Ng4 7. Qd2 Nxe3 8.
Qxe3 g6 9. f4 Bg7 10. O-O-O Nd7 11. f5 Ne5 12. Be2 b5 13. fxg6 hxg6 14. Kb1 Bb7
15. Rdf1 Rc8 16. a3 Rf8 17. h4 Nc4 18. Bxc4 Rxc4 19. Nde2 b4 20. axb4 Rxb4 21.
h5 Bxe4 22. hxg6 Bxg6 23. Nf4 Qb8 24. Nxg6 Rxb2+ 25. Kc1 fxg6 26. Rxf8+ Kxf8
27. Rf1+ Ke8 28. Re1 Qb7 29. Re2 Bxc3 30. Qxc3 Rb1+ 31. Kd2 Qd5+ 32. Qd3 Qxd3+
33. Kxd3 a5 34. c4 a4 35. Ra2 Rb3+ 36. Kc2 Rg3 37. Rxa4 Rxg2+ 38. Kd3 Rf2 39.
Ke4 Rf5 40. Ra1 Kf7 41. Rd1 Re5+ 42. Kd4 g5 43. Rg1 Kg6 44. Rh1 Kf5 45. Rf1+
Kg4 46. Rg1+ Kh3 47. Rh1+ Kg2 48. Rh5 Kf3 49. Rh3+ Kf4 0-1

[Event "Scottish International Open"]
[Site "Edinburgh, Scotland"]
[Date "2015.07.18"]
[Round "8"]
[White "Gillies, Alex"]
[Black "Smith, Callum"]
[Result "1-0"]
[WhiteElo "1908"]
[BlackElo "1543"]
[PlyCount "49"]
[EventDate "2015.??.??"]

1. d4 d5 2. Nf3 Nf6 3. g3 c5 4. Bg2 cxd4 5. O-O Nc6 6. Nxd4 e6 7. b3 Be7 8. Bb2
O-O 9. Nd2 Nxd4 10. Bxd4 b6 11. e4 Ba6 12. Re1 dxe4 13. Nxe4 Rc8 14. c4 Nxe4
15. Bxe4 Rc7 16. Be5 Rd7 17. Qh5 g6 18. Qf3 f5 19. Bc6 Rd3 20. Re3 Rxe3 21.
Qxe3 Bf6 22. Bf3 Qe7 23. Rd1 Bc8 24. Rd6 Rd8 25. Rc6 1-0

[Event "Scottish International Open"]
[Site "Edinburgh, Scotland"]
[Date "2015.07.18"]
[Round "8"]
[White "Campbell, Eoin"]
[Black "D'Costa, Leston"]
[Result "1-0"]
[WhiteElo "1839"]
[BlackElo "1515"]
[PlyCount "83"]
[EventDate "2015.??.??"]

1. d4 f5 2. Nc3 Nf6 3. Bg5 e6 4. e4 fxe4 5. Nxe4 Be7 6. Bxf6 Bxf6 7. Nf3 O-O 8.
Bd3 Nc6 9. c3 b6 10. Qc2 h6 11. O-O-O a5 12. h4 Ba6 13. Bxa6 Rxa6 14. Kb1 d5
15. Neg5 hxg5 16. hxg5 Kf7 17. gxf6 Qxf6 18. Qa4 b5 19. Qxb5 Rb6 20. Qe2 Rfb8
21. b3 a4 22. b4 Na5 23. Ne5+ Ke7 24. Rh7 Nc4 25. Nxc4 dxc4 26. Qxc4 R8b7 27.
Rdh1 Qg6+ 28. Ka1 Qxg2 29. Qc5+ Kf7 30. Qh5+ Kf6 31. Rh8 Rb8 32. Qe5+ Kg6 33.
R8h3 Kf7 34. Qxc7+ Kf6 35. Rh4 R8b7 36. Qf4+ Ke7 37. R4h2 Qg6 38. Rh8 a3 39.
Qf8+ Kd7 40. Qc8+ Ke7 41. Qd8+ Kf7 42. Rf8# 1-0